书目信息 |
| 题名: |
振动与波
|
|
| 作者: | 弗伦奇 著 ;徐绪笃 译 | |
| 分册: | ||
| 出版信息: | 北京 人民教育出版社 1981 |
|
| 页数: | 328页 | |
| 开本: | 21cm | |
| 丛书名: | ||
| 单 册: | ||
| 中图分类: | O32 | |
| 科图分类: | ||
| 主题词: | 振动理论 | |
| 电子资源: | ||
| ISBN: | ||
| 000 | 00745nam0 2200265 45 | |
| 001 | 0181004703 | |
| 005 | 20060731090816.42 | |
| 010 | @dCNY0.92 | |
| 091 | @a13012.0582 | |
| 100 | @a19950620d1981 em y0chiy0121 ea | |
| 101 | 1 | @achi@ceng |
| 102 | @aCN@b110000 | |
| 105 | @ay z 000yy | |
| 200 | 10 | @a振动与波@Azhen dong yu bo@f(美)A·P·弗伦奇著@F(mei)A·P·fu lun qi zhu@g徐绪笃译 |
| 210 | @a北京@c人民教育出版社@d1981 | |
| 215 | @a328页@d21cm | |
| 300 | @a书名原文:Vibrations and waves | |
| 510 | 1 | @aVibrations and waves@zeng |
| 606 | @a振动理论 | |
| 690 | @aO32@v3 | |
| 701 | 0 | @a弗伦奇@Afu lun qi@4著 |
| 702 | 0 | @a徐绪笃@Axu xu du@4译 |
| 801 | 0 | @aCN@bTSSF@c20060731 |
| 801 | 2 | @aCN@bNLC@c20060720 |
| 905 | @a10447@dO32@e13 | |
| 振动与波/(美)A·P·弗伦奇著/徐绪笃译.-北京:人民教育出版社,1981 |
| 328页;21cm |
| 书名原文:Vibrations and waves |
| ISBN :CNY0.92 |
| ● |
| 相关链接 |
|
|
|
|
正题名:振动与波
索取号:O32/13
 
预约/预借
| 序号 | 登录号 | 条形码 | 馆藏地/架位号 | 状态 | 备注 |
| 1 | 0432497 | 204324971 | 密集书库/ [索取号:O32/13] | 在馆 | |
| 2 | 0432498 | 204324980 | 密集书库/ [索取号:O32/13] | 在馆 | |
| 3 | 0432499 | 204324999 | 密集书库/ [索取号:O32/13] | 在馆 | |
| 4 | 0434004 | 204340043 | 密集书库/ [索取号:O32/13] | 在馆 | |
| 5 | 0434005 | 204340052 | 密集书库/ [索取号:O32/13] | 在馆 | |
| 6 | 0434006 | 204340061 | 密集书库/ [索取号:O32/13] | 在馆 |